| 000 | 00978nam a2200337 a 4500 | ||
|---|---|---|---|
| 001 | 6442 | ||
| 003 | FISKH | ||
| 005 | 20250502112256.0 | ||
| 008 | 871015s1988 nyua j 000 1 eng | ||
| 010 | _a 87083008 | ||
| 020 | _a0307060993 | ||
| 020 | _a9780590459952 | ||
| 040 |
_aDLC _cDLC _dDLC _beng |
||
| 050 | _aTA1149 | ||
| 082 | _a629.04 | ||
| 100 | _aMorris, Ann | ||
| 245 | 0 | 0 |
_aOn the go / _cAnn Morris |
| 260 |
_aNew York : _bScholastic, _c1990. |
||
| 300 |
_a28 pages : _bcolor illustrations ; _c21 x 25 cm |
||
| 440 | 0 | _aDisney babies | |
| 505 | _aN | ||
| 520 | _aDisney babies enjoy their scooter, tricycle, kiddie car, boats, and other things that go. On board pages. | ||
| 521 | 8 |
_a550
_bLexile AD |
|
| 521 | 8 |
_aN _bRaz-Plus |
|
| 650 | 1 |
_aVehicles _xFiction. |
|
| 650 | 1 |
_aBabies _xFiction. |
|
| 700 |
_aHeyman, Ken _e illustrator |
||
| 906 |
_a7 _bcbc _corignew _d3 _eopcn _f19 _gy-gencatlg |
||
| 942 |
_2ddc _cBK _n0 |
||
| 999 |
_c6442 _d6442 |
||